000 00868nas a2200289 4500
001 BR8711920
003 BR-BrBNA
005 20231205091012.0
007 ta
008 230509b bl.|||p| |||| 00| 00por d
040 _aBR-BrBNA
_bpor
_cBiblioteca Nacional de Agricultura
041 _a(Pt)
072 _aF30
100 1 _aIshimura, I.
100 1 _aYanai, K.
100 1 _aSawazaki, E.
100 1 _aNoda, M.
245 1 _aAvaliacao de cultivares de milho verde em Pariquera-Acu [Sao Paulo]
246 1 _aEvaluation of corn cultivars for car production at grain milk stage
650 _aMILHO
650 _aCOMPORTAMENTO DE VARIEDADE
650 _aEPOCA DE PLANTIO
650 _aSAO PAULO
773 0 _tBragantia (Brazil)
_xISSN 0006-8705
_g(1986), v. 45(1) p. 95-105
_wBR8711920
909 _a202311
_bLúcia
_c55
_dLúcia Elande
942 _2AGRIS
_n0
_cANA
999 _c122142
_d122142